Дело об утверждении положений о кабардинских стипендиях имени их императорских величеств государя императора Александра III и го...

Доступно только в Электронных читальных залах Найти на картеНа карте
RUSMARC
00003892nmc2a22002413x 450
001fd1837ae-7095-47ed-8ffc-b80f0e2e95fc
00520211224062959.0
100##$a20210804l18901890k l0rusy0189 ca
1010#$arus
102##$aRU
105##$ay###
1222#$ad
2001#$aДело об утверждении положений о кабардинских стипендиях имени их императорских величеств государя императора Александра III и государыни императрицы Марии Федоровны в высших и средних учебных заведениях и имени генерал-адъютанта князя Дондукова-Корсакова в одном из высших учебных или специальных заведений
$j9 апреля - 3 мая 1890 г.
215##$a6 л.
$d36,5х26 см
251##$cДело
300##$aДело
371##$aДокумент не является опубликованным и широко распространяемым
461#0$1001a74412a3-3cc5-4d21-8f0a-dfe2fbd9e72d
$12001
$aДепартамент народного просвещения Министерства народного просвещения (1803-1917)
$1251
$cФонд
$1852
$j733
462#0$1001b33464f2-4bc4-41e3-b4bc-525e855f0eb0
$12001
$aДела разряда общих дел Министерства народного просвещения
$1251
$cОпись
$1852
$j194
801#0$aRU
$bРГИА
$c20210804
$gRCR
801#1$aRU
$bГлавНИВЦ
$c20210804
$2rusmarc
801#2$aRU
$bПБ им. Б.Н. Ельцина
$c20211224
$gRCR
$2rusmarc
850##$aРГИА
852##$aРГИА
$eФедеральное казенное учреждение "Российский государственный исторический архив" (РГИА)
$j1084
937##$hРГИА
$d12367957
$aASBIBLIO_SCAN
035##$aRusGRCC00034402
856##$uhttp://readingroom.main.prlib.ru/item.aspx?id_node=n172092592&mode=full
Формат отображения